IEP Lyon - CF Histoire 1870 (7) - Statistiques

Statistiques générales
  • Ce quiz a été pris 26 fois
  • Le résultat moyen est 28 sur 51
Statistiques - réponses
Introduction Introduction % Correct
Déplacements de population : ... millions de réfugiés qui veulent retourner chez eux. (ex : moitié des Ardennes ont dû partir et donc reviennent après la guerre 2
93%
En tout 140 Md de francs-or la guerre a coûté (6 à 7 fois le budget annuel) et la dette a été multipliée par .. (1918 : remboursement représente 2/3 du budget de l'Etat) 6
86%
Les anciens combattants représentent ...M de personnes -> poids dans la vie politique 6.5
86%
La ... est occupée de décembre 1918 à mars 1919 (100k-200k soldats mais arrêté devant désapprobation US et UK) Rhénanie
86%
La CGT passe de 665k adhérents en 1918 à plus de ...M en 1920 (notamment fascination révolution bolchevique) 2
79%
Les élections législatives du 16 novembre voient la victoire de la ... (Bloc National) avec 55% tandis que les radicaux perdent la moitié de leurs sièges. droite
79%
La France accepte de négocier parce qu'elle attend de ses alliés britanniques et américains des traités de garantie : pour garantir sa sécurité si jamais l'Allemagne retient une politique agressive MAIS les ...-.... ne ratifient pas le traité de Versailles Etats-Unis
79%
Les ... aux morts sont construits de manière spontanée puis subventionnés avec la loi du 25 octobre 1919 monuments
79%
Le cartel des gauches est une entente entre les radicaux et les ..., alliés aux républicains ... et à la Gauche radicale. (2 fois le même mot) socialistes
79%
La signature du traité de Versailles a lieu le ... .... 1919 dans la galerie des Glaces (humiliation mise en scène) 28 juin
71%
Le conseil de 10 devient un conseil de .. à partir du 24 mars 1919 : ce groupe tient 2 réunions / jour et va inviter au cas par cas des experts / des représentants des petits pays (mais l'Italie quitte le groupe car elle n'estime pas avoir reçu ce qu'elle demandait) 4
71%
Une agitation sociale causée par les conséquences ... de la guerre : augmentation des prix, désorganisation économique, inflation. --> loi de février 1919 pénalise la spéculation et l'accaparement, loi du 22 novembre 1918 oblige les patrons à reprendre leurs anciens ouvriers, prime de démobilisation par loi du 22 mars 1919. économiques
71%
La question des ... allemandes : la France ne doit pas demander trop d'argent sinon ses alliés ne vont pas suivre et elle n'aura plus de moyen de pression. réparations
71%
Conditions présentées à l'Allemagne le 7 mai 1919 : article 231 donne la ... exclusive à l’Allemagne pour la guerre --> choc alors que les Allemands n'ont pas été associés aux négociations. responsabilité
71%
Les historiens ont d'abord parlé d'après-guerre (approche diplomatique) avant de s'intéresser à la "... de guerre" (démobilisation des armées, des sociétés) dans les années 90 sortie
71%
Confiance des milieux financiers par des mesures techniques pour rééquilibrer le budget : Franc Poincaré : loi du 25 juin ... propose nouvelle valeur du franc qui perd ⅘e de sa valeur. Permet même excédents budgétaires qui permettent de voter des réformes sociales importantes. 1928
64%
Le cartel des gauches n'arrive plus à être stable : ... gouvernements s'enchaînent en quelques mois. 6
64%
Ces anciens combattants s'organisent avec des ... pour reprendre une place dans la société (Union fédérale des mutilés et anciens combattants (février 1918, 1M de membres en 1920), Union nationale des combattants (novembre 1918, 1.5M de membres en 1920 --> organisation de masse) Développement d'un pacifisme très fort voire déplacement vers les extrêmes (communisme, fascisme pour éviter la guerre) associations
64%
Les pertes massives (1.4M de morts soit 3,5% de la population, 10,5% de la population masculine active) ont des conséquences ... ("classe creuse" qui n'est pas née) --> politique nataliste 20s démographiques
64%
Il y a un ... de masse que la population française subit qui est assez traumatisant. Les corps ne sont restitués aux familles qu'en juillet 1920. Mythe de la veuve de guerre, statut de pupille de la nation en 1917 deuil
64%
Les intérêts de ce conseil sont ... : la France veut assurer sa sécurité en écrasant l'Allemagne, le Royaume-Uni craint une domination continentale de la France, les États-Unis veulent une paix juste du droit des peuples à disposer d'eux-mêmes -> seul accord est que la puissance allemande doit être limitée divergents
64%
Elections en 1928 : Poincaré est plus ... que jamais, nouveau gouvernement plus à droite après démission des ministres radicaux. Mais il meurt en 1929. populaire
64%
Le 14 juillet 1919 a lieu la 1ère célébration du ... ... (deux mots) et jour férié depuis le 11 novembre 1921 soldat inconnu
64%
Conférence de la Paix à ... qui démarre en janvier 1919 pour fixer les préliminaires de la paix. Versailles
64%
La Banque de France accorde des avances au gouvernement, supérieures au plafond autorisé --> dépassement rendu public et le gouvernement tombe le 10 avril ... 1925
57%
"Deuxième Ralliement" : Mesures de la République en ... de l’Eglise comme l'organisation d'une fête officielle en l'honneur de Jeanne d'Arc le 8 mai, conciliation en l'Alsace Lorraine où le régime concordat de 1901 est maintenu (i.e. l’Etat reconnaît les cultes et rétribue le clergé). Reprise des relations avec le Vatican en 1921. faveur
57%
Ils ont une ... particulière : "... du survivant" (Bruno Cabanes) qui ont eu une expérience radicale de la violence. (même mot les deux fois) identité
57%
Cela interroge les chronologies : - chronologie de la violence : à son ... à la toute fin de la guerre (occupation) - chronologie des retours qui se font à des rythmes très différents selon le pays vainqueur ou vaincu paroxysme
57%
Réaction des allemands : résistance ... (grève et refus de travailler, sabotage. Les Français vont riposter => génère des violences : en mars 1923 : 13 ouvriers sont tués, on estime que 154 civils sont tués, des cas de viols) passive
57%
L'intégration de nouveaux départements (Alsace Lorraine) est difficile en raison de la politique d'... mise en place : expulsion des populations allemandes épuration
50%
La démobilisation est ... : retour sur deux années par classe d'âge entre 1918-21 longue
50%
Mais dès l'entrée en vigueur du traité le 10 janvier 1920, l'Allemagne prend du ... (seulement moitié des obligations entre 1919 et 1920) --> conférence de Spa (5-16 juillet 1920) pour organiser le versement et fixer la répartition des réparations (52% pour la France, UK 22%). retard
50%
La France participe au dispositif de la ... fondée le 28 avril 1919 --> gère mandats sur le Liban et la Syrie SDN
50%
Politique traditionnelle d'alliance avec en 1920 un accord avec la Belgique et en ... un traité et une convention militaire secrète avec la Pologne, Roumanie et Hongrie. 1923
43%
Autorisation des conventions collectives et journée de 8h en mars-avril 1919 mais ne calme pas l'agitation : .. morts et 300 blessés le 1er mai 1919 2
43%
Division de la gauche socialiste : Lénine accepte l'adhésion de la SFIO à la IIIe internationale en fixant .. conditions notamment la soumission totale du parti à l'international et au communisme bolchévique. --> débat au Congrès de Tours en décembre 1920 : seule une minorité menée par Blum n'accepte pas les conditions : scission entre les communistes et les socialistes 21
43%
Lutte contre les ... : - arrestation des leaders de la CGTU fin 1927, puis de dirigeants communistes début 1928. - contre les autonomistes alsaciens (depuis début 1920, acquis allemands sont revus). 1926 mouvement séparatiste pour statut spécial, manif Pentecôte : arrestations et procès en 1927. - Contre l'extrême droite et l'Action française (même attentats, peu nombreux mais influence intellectuelle extrêmes
43%
Bloc national et cartel des gauches représentent deux ... d’un même problème : - 1923 se heurte aux conséquences de la 1GM - 1926 se heurte à la frilosité des milieux financiers Ce que fait Poincaré entre 1926-8 : politique rigoureuse face
43%
La guerre a laissé des marques ... : villes entièrement détruites dans le Nord et l'Est et 600.000 maisons et 23.000 établissements détruits, 60.000 km de routes et 5000 km de voies ferrées inutilisables matérielles
43%
... va devenir la principale figure de ce cartel de gauche : il forme le gouvernement (les socialistes refusent de participer). Politique de gauche à l'extérieur (recherche de la sécurité collective et du désarmement dans la SDN, plan Daws pour échelonner paiement allemand) et à l'intérieur (Jaurès au Panthéon, syndicalisation des fonctionnaires, politique laïque – suppression ambassade Vatican, étend la loi de 1905 à l’Alsace et la Lorraine, amnistie des cheminots grévistes, amnistie des pacifistes). Edouard Herriot
36%
Cinq principes : défense de la ..., respect des lois sociales, abandon de la rigueur financière, application stricte de l'impôt sur le revenu, soutien à la SDN. laïcité
36%
Décalage entre la gravité de la situation financière et l’insuffisance de la politique radicale qui repose encore sur le ... libéralisme
36%
Poincaré ... les milieux financiers (vainqueur du « Verdun financier »), les milieux patriotes (prez pdt guerre), convictions républicaines (gauche aime bien). rassure
36%
Les élections de 1919 sont différentes du fait de la ... du mode de scrutin (hybride entre proportionnel et majoritaire) réforme
36%
Cette chambre est dite "... ..." car elle est composée à 44% d'anciens combattants et à 60% de nouveaux venus. (2 mots) --> victoire droite s'explique par peur bolchevisme et volonté revanche Allemagne Clemenceau ne devient pas prez miskine à la place on a Deschanel mdr bleu horizon
29%
Le premier gouvernement qui va être reconstitué avec ce bloc national est celui d'... (donner son nom). --> Rationalisation de l'action publique. Jeunes ministres sont nommés. (Flandin, Queuille) Millerand considère la politique extérieure comme une prérogative du président. Alexandre Millerand
21%
Négociations avec le modèle de "la ... et le ...." : montant revu à la baisse (conférence de Londres en 1921) mais la France occupe des villes allemandes dès 1921 (écrire les deux mots à la suite) carotte bâton
21%
"il ne s'était jamais tout à fait remis de la guerre". Cette citation vient du roman Aurélien de l'auteur ... --> Thème du combattant revenu dans la vie civile est une sorte de topos littéraire pour toutes les années 1920-1930 Louis Aragon
21%
Les questions économiques dominent le Bloc National en raison du contexte d’une ... crise économique : - monétaire (les prix ont quadruplés entre 1914 et 1920) - inflation (rigueur budgétaire en mars 1924 très impopulaire) double
7%
Le Bloc National est une alliance entre 4 groupes pas homogènes, pas disciplinés. --> l'... devient le fondement de la vie parlementaire. éloquence
7%
La CGT et la SFIO sont divisés entre négociation avec le gouvernement et ... révolutionnaire radicalité
7%
Aucun quiz correspondant
Distribution des résultats
% des personnes avec chaque résultat
Percentile par nombre de réponses
Votre historique - résultats
Vous n’avez pas pris ce quiz